GeoGuessr - US state highway signs (Difficult) - Statistics

General Stats
  • This quiz has been taken 26 times
  • The average score is 26 of 46
Answer Stats
Picture Answer % Correct
Florida
93%
Idaho
93%
Louisiana
93%
Minnesota
93%
Idaho
87%
Louisiana
87%
Ohio
87%
Oklahoma
87%
South Carolina
87%
Colorado
80%
Nevada
80%
Tennessee
80%
Washington
80%
Alabama
73%
Alaska
73%
Arizona
73%
Arkansas
73%
New Mexico
73%
Utah
73%
Georgia
67%
Missouri
67%
Nebraska
67%
North Dakota
67%
South Dakota
67%
Wyoming
67%
Kansas
53%
New Hampshire
53%
Pennsylvania
47%
California
40%
Vermont
40%
North Carolina
33%
Virginia
33%
Wisconsin
33%
Maine
27%
Maryland
27%
Massachusetts
27%
Michigan
27%
New York
27%
North Dakota
27%
Oregon
27%
Connecticut
20%
Hawaii
20%
Montana
20%
Tennessee
20%
West Virginia
20%
Texas
13%
No matching quizzes found
Score Distribution
Percent of People with Each Score
Percentile by Number Answered
Your Score History
You have not taken this quiz